000 00711nam a2200217 a 4500
999 _c8382
_d8382
001 8382
003 BD-JhCC
005 20180402192016.0
008 180222s1990 bg a|||| ||a| 000 0 ben d
035 _a(BD-JhCC)8382
040 _aBD-JhCC
_dBD-JhCC
041 _aben
082 _a726.2
_bBUG 1990
100 _aবেগম, আয়শা
245 _aআমাদের ঐতিহ্য শাহজাদপুর মসজিদ /
_cআয়শা বেগম
260 _aঢাকা :
_bবাংলাদেশ শিল্পকলা একাডেমী,
_c1990.
300 _a62 p. :
_billu,
_c22 cm.
650 _aMuslim Architecture
_zBangladesh
942 _2ddc
_cBK